College algebra (Record no. 79451)

MARC details
000 -LEADER
fixed length control field 01364nam a2200229 a 4500
008 - FIXED-LENGTH DATA ELEMENTS--GENERAL INFORMATION
fixed length control field 120416s1981 ||||||||||||||||| || u
020 ## - INTERNATIONAL STANDARD BOOK NUMBER
International Standard Book Number 0155079050
050 ## - LIBRARY OF CONGRESS CALL NUMBER
Classification number QA 154.2 Ell
100 ## - MAIN ENTRY--PERSONAL NAME
Personal name Gulick, Denny
245 10 - TITLE STATEMENT
Title College algebra
260 ## - PUBLICATION, DISTRIBUTION, ETC.
Place of publication, distribution, etc. New York :
Name of publisher, distributor, etc. Harcourt Brace Jovanovich
Date of publication, distribution, etc. 1981
300 ## - PHYSICAL DESCRIPTION
Extent ix, 473, 41 p. : ill.
350 ## -
-- 0.00
650 ## - SUBJECT ADDED ENTRY--TOPICAL TERM
Topical term or geographic name entry element TEXTBOOKS--TEXTBOOKS
700 ## - ADDED ENTRY--PERSONAL NAME
Personal name Ellis, Robert, 1938-
995 ## -
-- MAIN LIBRARY OPEN ACCESS
-- 0.00
-- 713312
-- CBU-MAIN LIBRARY (Kitwe)
-- 4
-- 25.00
-- QA 154.2 Ell
-- 2
-- AVAILABLE
-- 011609
-- Main Library Open Access Collection
995 ## -
-- BINDERY (DAMAGED)
-- 0.00
-- 711343
-- CBU-MAIN LIBRARY (Kitwe)
-- 2
-- 25.00
-- QA 154.2 Ell
-- 4
-- DAMAGED
-- 56067
-- Main Library Open Access Collection
995 ## -
-- BINDERY (DAMAGED)
-- 0.00
-- 711344
-- CBU-MAIN LIBRARY (Kitwe)
-- 5
-- 25.00
-- QA 154.2 Ell
-- 5
-- DAMAGED
-- 711344
-- Main Library Open Access Collection
995 ## -
-- BINDERY (DAMAGED)
-- 0.00
-- 713313
-- CBU-MAIN LIBRARY (Kitwe)
-- 1
-- 25.00
-- QA 154.2 Ell
-- 3
-- DAMAGED
-- 56065
-- Main Library Open Access Collection
995 ## -
-- ANNEX COLLECTION (Main Library)
-- 0.00
-- 713314
-- CBU-MAIN LIBRARY (Kitwe)
-- 3
-- 25.00
-- QA 154.2 Ell
-- 1
-- AVAILABLE
-- 011033
-- Annex Low-Usage Collection
995 ## -
-- BINDERY (DAMAGED)
-- 0.00
-- 713311
-- CBU-MAIN LIBRARY (Kitwe)
-- 6
-- 25.00
-- QA 154.2 Ell
-- 6
-- DAMAGED
-- 713311
-- Main Library Open Access Collection
999 ## -
-- 79451
-- 79451
Holdings
Withdrawn status Lost status Source of classification or shelving scheme Damaged status Not for loan Permanent Location Current Location Shelving location Date acquired Total Checkouts Full call number Barcode Date last seen Date last checked out Copy number Price effective from Koha item type
          CBU-MAIN LIBRARY, KITWE. CBU-MAIN LIBRARY, KITWE.   06/29/2023 1 QA 154.2 Ell 011609 04/24/2024 04/22/2024 1 06/29/2023 MONOGRAPH
          CBU-MAIN LIBRARY, KITWE. CBU-MAIN LIBRARY, KITWE.   06/29/2023   QA 154.2 Ell 56067 06/29/2023   2 06/29/2023 MONOGRAPH
          CBU-MAIN LIBRARY, KITWE. CBU-MAIN LIBRARY, KITWE.   06/29/2023   QA 154.2 Ell 711344 06/29/2023   3 06/29/2023 MONOGRAPH
          CBU-MAIN LIBRARY, KITWE. CBU-MAIN LIBRARY, KITWE.   06/29/2023   QA 154.2 Ell 56065 06/29/2023   4 06/29/2023 MONOGRAPH
          CBU-MAIN LIBRARY, KITWE. CBU-MAIN LIBRARY, KITWE.   06/29/2023   QA 154.2 Ell 011033 06/29/2023   5 06/29/2023 MONOGRAPH
          CBU-MAIN LIBRARY, KITWE. CBU-MAIN LIBRARY, KITWE.   06/29/2023   QA 154.2 Ell 713311 06/29/2023   6 06/29/2023 MONOGRAPH